[Event "CAN-op"]
[Site "Edmonton CAN"]
[Date "2005.07.12"]
[Round "5.86"]
[White "Palcic, Branko"]
[Black "Raymer, Evan"]
[Result "1-0"]
[WhiteElo "1433"]
[BlackElo "1681"]
[PlyCount "113"]
[GameId "2160767910901758"]
[EventDate "2005.07.09"]
[EventType "swiss"]
[EventRounds "10"]
[EventCountry "CAN"]

1. e4 c5 2. Nf3 d6 3. Bc4 Nf6 4. Nc3 e6 5. O-O Be7 6. d3 O-O 7. a4 d5 8. exd5 exd5 9. Ba2 Bg4 10. h3 Bh5 11. g4 d4 12. Ne2 Bg6 13. Nh4 Nc6 14. Nxg6 hxg6 15. f4 Bd6 16. Ng3 Re8 17. Qf3 Qc7 18. Bd2 Re7 19. Rae1 Rae8 20. Rxe7 Rxe7 21. g5 Nd7 22. Ne4 Nf8 23. h4 Ne6 24. Nxd6 Qxd6 25. h5 gxh5 26. Qxh5 Nf8 27. Rf2 Qg6 28. Qh4 Qh7 29. Qg4 g6 30. f5 Ne5 31. Qf4 gxf5 32. Qxf5 Qxf5 33. Rxf5 Ng4 34. Kf1 b6 35. Bd5 Ne3+ 36. Bxe3 dxe3 37. Be4 Ne6 38. Re5 Kg7 39. Bf5 e2+ 40. Ke1 Kf8 41. Bxe6 fxe6 42. Kxe2 Rg7 43. Rxe6 Rxg5 44. Kd2 Rg4 45. b3 Rg2+ 46. Re2 Rg6 47. Kc3 Kf7 48. Kc4 a6 49. a5 Rg4+ 50. Re4 Rg2 51. c3 Rg6 52. axb6 Rxb6 53. Re5 a5 54. Rxc5 Ra6 55. Kb5 Ra8 56. Ka4 Rd8 57. d4 1-0

[Event "CAN-op"]
[Site "Edmonton CAN"]
[Date "2005.07.12"]
[Round "5.87"]
[White "O'Brien, Sandy"]
[Black "Sullivan, Brian"]
[Result "1-0"]
[WhiteElo "1392"]
[BlackElo "1674"]
[PlyCount "89"]
[GameId "2160767910901759"]
[EventDate "2005.07.09"]
[EventType "swiss"]
[EventRounds "10"]
[EventCountry "CAN"]

1. e4 c5 2. Nf3 d6 3. Bb5+ Nc6 4. d4 Bd7 5. d5 Nb8 6. Bxd7+ Nxd7 7. c4 Ngf6 8. Nc3 g6 9. O-O Bg7 10. Re1 O-O 11. Bg5 h6 12. Be3 Ng4 13. Qd2 Nxe3 14. Qxe3 Kh7 15. Rab1 Qa5 16. a3 a6 17. Na2 Qc7 18. Rec1 Ne5 19. Nxe5 Bxe5 20. b4 Bd4 21. Qd2 f5 22. bxc5 Bxc5 23. Nc3 Bxa3 24. Rc2 Rac8 25. exf5 gxf5 26. Ne2 e6 27. Qc3 e5 28. Qxa3 Rf6 29. Qb4 Qg7 30. Qxb7 Rc7 31. Qxa6 f4 32. Rb6 Ra7 33. Qb5 Rg6 34. g3 f3 35. Nc3 e4 36. Nb1 Qe7 37. Rb2 Rg7 38. Qc6 e3 39. Kf1 e2+ 40. Ke1 Qg5 41. Rd2 Ra2 42. Qxd6 h5 43. Qf6 Qxf6 44. Rxf6 Rb7 45. Rxf3 1-0

[Event "CAN-op"]
[Site "Edmonton CAN"]
[Date "2005.07.12"]
[Round "5.88"]
[White "Deimert, Elroy"]
[Black "Meller, Kenneth"]
[Result "1-0"]
[WhiteElo "1666"]
[BlackElo "1367"]
[PlyCount "131"]
[GameId "2160767910901760"]
[EventDate "2005.07.09"]
[EventType "swiss"]
[EventRounds "10"]
[EventCountry "CAN"]

1. e4 e5 2. Nf3 d6 3. Bc4 Qe7 4. Nc3 Be6 5. Bxe6 Qxe6 6. Nd5 Na6 7. Ng5 Qd7 8. c3 c6 9. Nb4 Nxb4 10. cxb4 d5 11. a3 dxe4 12. Nxe4 O-O-O 13. Qc2 Qd3 14. Qxd3 Rxd3 15. Ke2 Rd8 16. d3 f5 17. Nc3 h6 18. h4 Nf6 19. Be3 a6 20. Bb6 Rd7 21. Rac1 Kb8 22. Rhe1 Bd6 23. Rc2 g5 24. Rh1 g4 25. g3 f4 26. Re1 Re8 27. Kd1 Rde7 28. Ne4 Nxe4 29. Rxe4 fxg3 30. Rxg4 gxf2 31. Bxf2 e4 32. dxe4 Rxe4 33. Rxe4 Rxe4 34. Re2 Rf4 35. Bb6 Kc8 36. Re6 Bf8 37. Re8+ Kd7 38. Rd8+ Ke6 39. Rd4 Rf1+ 40. Ke2 Rf5 41. Bd8 b5 42. Ke3 c5 43. Re4+ Re5 44. Kf4 cxb4 45. Rxe5+ Kd7 46. Rd5+ Kc8 47. axb4 Bxb4 48. Kf5 Be1 49. h5 b4 50. b3 Bf2 51. Kg6 Be3 52. Ba5 Kb7 53. Bxb4 Kc6 54. Rf5 Bb6 55. Kxh6 a5 56. Bf8 Bd4 57. Bg7 Bxg7+ 58. Kxg7 Kd7 59. h6 Ke7 60. h7 Ke6 61. Rxa5 Kd6 62. h8=Q Ke7 63. Ra6 Kd7 64. Kg6 Ke7 65. Qh7+ Ke8 66. Ra8# 1-0

[Event "CAN-op"]
[Site "Edmonton CAN"]
[Date "2005.07.12"]
[Round "5.89"]
[White "Tuason, Alfred"]
[Black "Laboucane, Randy"]
[Result "1-0"]
[WhiteElo "1356"]
[BlackElo "1626"]
[PlyCount "83"]
[GameId "2160767910901761"]
[EventDate "2005.07.09"]
[EventType "swiss"]
[EventRounds "10"]
[EventCountry "CAN"]

1. e4 c5 2. Nf3 d6 3. c3 Nf6 4. Bd3 Nc6 5. Bc2 Bg4 6. d3 a6 7. Be3 e6 8. Nbd2 Be7 9. h3 Bh5 10. Qc1 Qc7 11. a3 Rc8 12. Bg5 h6 13. Bh4 g5 14. Bg3 Bxf3 15. Nxf3 Nh5 16. Bh2 e5 17. g3 b5 18. Bb3 c4 19. dxc4 Na5 20. Ba2 bxc4 21. O-O Nf6 22. Re1 g4 23. Nh4 gxh3 24. Nf5 Ng4 25. Qd1 h5 26. Qd5 Nf6 27. Qd2 Qc6 28. f3 Rb8 29. Red1 Nxe4 30. fxe4 Qxe4 31. Nxe7 h4 32. Re1 Qg2+ 33. Qxg2 hxg2 34. Nd5 hxg3 35. Bxg3 Rxb2 36. Bh2 f5 37. Rab1 Rxb1 38. Rxb1 Nb3 39. Bxb3 cxb3 40. Rxb3 Kd7 41. Rb6 Ra8 42. Kxg2 1-0

[Event "CAN-op"]
[Site "Edmonton CAN"]
[Date "2005.07.12"]
[Round "5.90"]
[White "Pivovarov, Juraj"]
[Black "Mrugala, Jonathan"]
[Result "1-0"]
[WhiteElo "1615"]
[BlackElo "1367"]
[PlyCount "101"]
[GameId "2160767910901762"]
[EventDate "2005.07.09"]
[EventType "swiss"]
[EventRounds "10"]
[EventCountry "CAN"]

1. e4 c6 2. d4 d5 3. e5 Bf5 4. Bd3 Bxd3 5. Qxd3 e6 6. Ne2 Nd7 7. O-O c5 8. c3 c4 9. Qc2 f6 10. Re1 Qb6 11. exf6 Ngxf6 12. Nf4 O-O-O 13. Rxe6 Bd6 14. Bd2 g5 15. b3 gxf4 16. Bxf4 Ne8 17. bxc4 dxc4 18. Nd2 Rf8 19. Nxc4 Qa6 20. Nxd6+ Nxd6 21. Bxd6 Rf6 22. Rxf6 Nxf6 23. Qf5+ Nd7 24. Be7 Re8 25. Qf7 Qg6 26. Qxg6 hxg6 27. Re1 Nf6 28. Kf1 Ng4 29. f3 Nxh2+ 30. Kf2 Kd7 31. Bg5 Rxe1 32. Kxe1 Ke6 33. Bf4 Nxf3+ 34. gxf3 Kf5 35. Be5 Ke6 36. Ke2 a6 37. Ke3 b5 38. Ke4 a5 39. d5+ Kd7 40. Kd4 g5 41. Kc5 b4 42. cxb4 axb4 43. Kxb4 g4 44. fxg4 Ke7 45. g5 Kd7 46. g6 Ke7 47. Kc5 Ke8 48. Kd6 Kd8 49. g7 Kc8 50. Kc6 Kd8 51. Bd6 1-0

[Event "CAN-op"]
[Site "Edmonton CAN"]
[Date "2005.07.12"]
[Round "5.91"]
[White "Seehagen, Terry"]
[Black "Meller, Caleb"]
[Result "1-0"]
[WhiteElo "1608"]
[BlackElo "1365"]
[PlyCount "51"]
[GameId "2160767910901763"]
[EventDate "2005.07.09"]
[EventType "swiss"]
[EventRounds "10"]
[EventCountry "CAN"]

1. e4 e5 2. Nf3 Nc6 3. d4 exd4 4. Bc4 d6 5. O-O Bg4 6. c3 Ne5 7. Nbd2 Bxf3 8. Nxf3 Nxc4 9. Qa4+ c6 10. Qxc4 d5 11. Qxd4 dxe4 12. Qxe4+ Be7 13. Bg5 f6 14. Rad1 Qc7 15. Bf4 Qb6 16. Rfe1 Rd8 17. Bd6 Rd7 18. Qg4 g6 19. Bxe7 Rxe7 20. Qc8+ Kf7 21. Rxe7+ Kxe7 22. Re1+ Kd6 23. Qf8+ Kd5 24. Rd1+ Ke4 25. Rd4+ Kf5 26. Qc8# 1-0

[Event "CAN-op"]
[Site "Edmonton CAN"]
[Date "2005.07.12"]
[Round "5.92"]
[White "Corsmeier, Tom"]
[Black "Booth, Kevin"]
[Result "1-0"]
[WhiteElo "1598"]
[BlackElo "1347"]
[PlyCount "45"]
[GameId "2160767910901764"]
[EventDate "2005.07.09"]
[EventType "swiss"]
[EventRounds "10"]
[EventCountry "CAN"]

1. e4 c5 2. Nc3 d6 3. f4 Nc6 4. Nf3 Nf6 5. Bc4 e6 6. d3 d5 7. Bb5 dxe4 8. Bxc6+ bxc6 9. dxe4 Qxd1+ 10. Kxd1 Be7 11. Ne5 Bb7 12. Be3 O-O 13. Ke2 Rfd8 14. Rad1 Rab8 15. b3 h6 16. Kf3 Kf8 17. Na4 c4 18. Nc5 cxb3 19. cxb3 Ba8 20. Ncd7+ Nxd7 21. Nxd7+ Ke8 22. Nxb8 Rxb8 23. Bxa7 1-0

[Event "CAN-op"]
[Site "Edmonton CAN"]
[Date "2005.07.12"]
[Round "5.93"]
[White "MacKinnon, Keith"]
[Black "Longson, Stan"]
[Result "1-0"]
[WhiteElo "1592"]
[BlackElo "1322"]
[PlyCount "30"]
[GameId "2160767910901765"]
[EventDate "2005.07.09"]
[EventType "swiss"]
[EventRounds "10"]
[EventCountry "CAN"]

1. e4 e5 2. Nf3 d6 3. d4 Nc6 4. Bb5 Bd7 5. Nc3 Nf6 6. O-O g6 7. Bxc6 Bxc6 8. dxe5 Nxe4 9. Nxe4 Bxe4 10. Re1 d5 11. Bf4 Bg7 12. Ng5 Bf5 13. e6 Bxe6 14. Rxe6+ fxe6 15. Nxe6 Kf7 1-0

[Event "CAN-op"]
[Site "Edmonton CAN"]
[Date "2005.07.12"]
[Round "5.94"]
[White "Johnson, Dean"]
[Black "Dean, Earl"]
[Result "1-0"]
[WhiteElo "1588"]
[BlackElo "1296"]
[PlyCount "103"]
[GameId "2160767910901766"]
[EventDate "2005.07.09"]
[EventType "swiss"]
[EventRounds "10"]
[EventCountry "CAN"]

1. d4 d5 2. c4 dxc4 3. Nf3 Nf6 4. e3 b5 5. a4 e6 6. axb5 Bb4+ 7. Bd2 Bxd2+ 8. Nbxd2 O-O 9. Bxc4 Bb7 10. O-O Nbd7 11. Nb3 Be4 12. Na5 Qe7 13. Nc6 Bxc6 14. bxc6 Nb6 15. Bd3 Rfd8 16. Ra5 Nbd5 17. Qa1 Qd6 18. e4 Nb4 19. e5 Qxc6 20. Rc1 Qb6 21. Rb5 Qa6 22. Qxa6 Nxa6 23. exf6 gxf6 24. Rb7 Rd6 25. h3 c5 26. Bxa6 Rxa6 27. Rxc5 Rd6 28. Rcc7 Rf8 29. Rxa7 Kg7 30. b4 Rb6 31. Rab7 Rxb7 32. Rxb7 Rd8 33. b5 Kf8 34. Rc7 Rb8 35. Rc5 Ke7 36. Nd2 f5 37. f4 h5 38. Kf2 Rd8 39. Ke3 Rb8 40. Nc4 Rb7 41. Na5 Rb6 42. Nc6+ Kd6 43. Na7 Kd7 44. Kd3 h4 45. Kc4 Rb7 46. Nc6 Kd6 47. Kb4 Kd7 48. Ka5 Kd6 49. Ka6 Kc7 50. Na5+ Kb8 51. Nxb7 f6 52. Nd6 1-0

[Event "CAN-op"]
[Site "Edmonton CAN"]
[Date "2005.07.12"]
[Round "5.95"]
[White "Raymer, Elliot"]
[Black "Wang, Hao"]
[Result "1-0"]
[WhiteElo "1574"]
[BlackElo "1271"]
[PlyCount "51"]
[GameId "2160767910901767"]
[EventDate "2005.07.09"]
[EventType "swiss"]
[EventRounds "10"]
[EventCountry "CAN"]

1. e4 e5 2. Nf3 d6 3. Bc4 h6 4. d3 Nf6 5. Nc3 Bg4 6. h3 Bh5 7. Be3 Nc6 8. g4 Bg6 9. a3 Ne7 10. Qd2 c6 11. O-O-O b5 12. Ba2 a5 13. Nh4 d5 14. exd5 b4 15. Nb1 Nexd5 16. Nxg6 fxg6 17. Rhe1 Qb8 18. f4 Bd6 19. fxe5 Bxe5 20. Bd4 Qb7 21. Bxe5 Kd7 22. Qf2 Rhf8 23. Qc5 Rad8 24. Bxf6 Rxf6 25. Bxd5 cxd5 26. Re7# 1-0

[Event "CAN-op"]
[Site "Edmonton CAN"]
[Date "2005.07.12"]
[Round "5.96"]
[White "Reichert, Wayne"]
[Black "Harrop, Breagan"]
[Result "0-1"]
[WhiteElo "1275"]
[BlackElo "1568"]
[PlyCount "62"]
[GameId "2160767910901768"]
[EventDate "2005.07.09"]
[EventType "swiss"]
[EventRounds "10"]
[EventCountry "CAN"]

1. e4 Nf6 2. e5 Nd5 3. c4 Nb6 4. Nf3 d6 5. d4 e6 6. Bf4 d5 7. a3 c5 8. Nc3 Be7 9. b3 O-O 10. Bd3 Nc6 11. Be3 cxd4 12. Nxd4 Nxe5 13. Bc2 dxc4 14. b4 Bd7 15. Qb1 Rc8 16. Bxh7+ Kh8 17. Be4 Nd3+ 18. Bxd3 cxd3 19. Qxd3 Bf6 20. O-O Qc7 21. Rac1 Nc4 22. Nce2 Rfd8 23. Bf4 e5 24. Bg3 Qb6 25. Nf3 Bb5 26. Qf5 g6 27. Qh3+ Kg7 28. Kh1 Bd7 29. Rc3 Bxh3 30. gxh3 Qc6 31. Neg1 e4 0-1

[Event "CAN-op"]
[Site "Edmonton CAN"]
[Date "2005.07.12"]
[Round "5.97"]
[White "Meller, Marvin"]
[Black "Enns, Edward"]
[Result "1-0"]
[WhiteElo "1561"]
[BlackElo "1245"]
[PlyCount "123"]
[GameId "2160767910901769"]
[EventDate "2005.07.09"]
[EventType "swiss"]
[EventRounds "10"]
[EventCountry "CAN"]

1. e4 c5 2. c3 d6 3. h3 g6 4. Ne2 Bg7 5. d4 cxd4 6. cxd4 Nf6 7. Nbc3 Nfd7 8. Nf4 e5 9. dxe5 dxe5 10. Nfd5 O-O 11. b3 a6 12. Ba3 Re8 13. Bc4 Nb6 14. Nxb6 Qxb6 15. Qf3 Be6 16. O-O Bxc4 17. bxc4 Qa5 18. Bb2 Nc6 19. a3 Nd4 20. Qd3 Rad8 21. Nd5 Qc5 22. a4 a5 23. Ba3 Qc6 24. Ne7+ Rxe7 25. Bxe7 Rd7 26. Bg5 Ne6 27. Qg3 Qxe4 28. Rac1 Qf5 29. Be3 h5 30. c5 Rd3 31. Qf3 Nf4 32. Kh1 e4 33. Qxf4 Qd5 34. Qc7 Be5 35. Qxa5 Qc6 36. Qb5 Qc7 37. a5 Bd4 38. Rfd1 Bxe3 39. Rxd3 Bxc1 40. Rd7 Ba3 41. Qb6 Qxc5 42. Qxc5 Bxc5 43. Rxb7 Bxf2 44. a6 Kg7 45. a7 Bxa7 46. Rxa7 Kf6 47. Ra5 g5 48. Kg1 Kg6 49. Kf2 g4 50. h4 f5 51. Ke3 Kf6 52. Kf4 Ke6 53. Rxf5 e3 54. Re5+ Kf6 55. Rxe3 Kg6 56. Re6+ Kf7 57. Kf5 Kg7 58. Kg5 g3 59. Re7+ Kf8 60. Kf6 Kg8 61. Ra7 Kh8 62. Kg6 1-0

[Event "CAN-op"]
[Site "Edmonton CAN"]
[Date "2005.07.12"]
[Round "5.98"]
[White "Roberts, Richard"]
[Black "Pradzinski, Alex"]
[Result "1-0"]
[WhiteElo "1533"]
[BlackElo "1236"]
[PlyCount "109"]
[GameId "2160767910901770"]
[EventDate "2005.07.09"]
[EventType "swiss"]
[EventRounds "10"]
[EventCountry "CAN"]

1. e4 e5 2. Nf3 Nf6 3. Nxe5 d6 4. Nf3 Nxe4 5. d3 Nf6 6. Nc3 Nc6 7. Bg5 h6 8. Bh4 Bg4 9. Be2 Be7 10. O-O O-O 11. Re1 d5 12. d4 Re8 13. Bg3 Bb4 14. Qd3 Ne4 15. Bh4 f6 16. a3 Bxf3 17. Qxf3 Bxc3 18. bxc3 Rf8 19. Qd3 Qe8 20. f3 Rd8 21. fxe4 dxe4 22. Qc4+ Qf7 23. Qb5 a6 24. Qxb7 Nxd4 25. cxd4 Rxd4 26. c3 Qd5 27. Qxc7 Qe5 28. cxd4 Qxc7 29. Bg3 Qc3 30. Bxa6 Qxd4+ 31. Bf2 Qc3 32. Rac1 Qxa3 33. Bc5 Qxa6 34. Bxf8 Kxf8 35. Rxe4 f5 36. Rec4 g5 37. Rc8+ Kg7 38. R1c7+ Kg6 39. Rc6+ Qxc6 40. Rxc6+ Kh5 41. Kf2 Kg4 42. Rxh6 f4 43. h3+ Kf5 44. Kf3 g4+ 45. hxg4+ Kg5 46. Rh5+ Kg6 47. Kxf4 Kg7 48. Ra5 Kf7 49. g5 Kg6 50. g4 Kg7 51. Kf5 Kf7 52. Ra7+ Kg8 53. Kf6 Kh8 54. g6 Kg8 55. Ra8# 1-0

[Event "CAN-op"]
[Site "Edmonton CAN"]
[Date "2005.07.12"]
[Round "5.99"]
[White "Greber, Carter"]
[Black "Steer, David"]
[Result "0-1"]
[WhiteElo "1265"]
[BlackElo "1532"]
[PlyCount "40"]
[GameId "2160767910901771"]
[EventDate "2005.07.09"]
[EventType "swiss"]
[EventRounds "10"]
[EventCountry "CAN"]

1. e4 e5 2. Nf3 Nc6 3. Bb5 a6 4. Bxc6 dxc6 5. O-O Bg4 6. h3 h5 7. d3 Qf6 8. Nbd2 Bd6 9. Re1 O-O-O 10. hxg4 hxg4 11. Nh2 Bc5 12. Re2 Qh4 13. Ndf1 g3 14. Nxg3 Qxg3 15. Nf3 Nf6 16. Kf1 Rh1+ 17. Ng1 Qh2 18. Re1 Rxg1+ 19. Ke2 Qxg2 20. Kd2 Nxe4+ 0-1

[Event "CAN-op"]
[Site "Edmonton CAN"]
[Date "2005.07.12"]
[Round "5.100"]
[White "Thomas, Derek"]
[Black "Rajski, Piotr"]
[Result "0-1"]
[WhiteElo "1300"]
[BlackElo "1746"]
[PlyCount "92"]
[GameId "2160767910901772"]
[EventDate "2005.07.09"]
[EventType "swiss"]
[EventRounds "10"]
[EventCountry "CAN"]

1. c4 e5 2. Nc3 Nf6 3. e4 Nc6 4. Nf3 Bc5 5. d3 d6 6. Be2 h6 7. O-O Be6 8. Be3 Bxe3 9. fxe3 Qd7 10. a3 O-O 11. Nd5 Bxd5 12. exd5 Ne7 13. e4 c6 14. dxc6 Qxc6 15. Rc1 Qb6+ 16. Kh1 Qxb2 17. a4 Ng4 18. Qd2 Qa3 19. Ra1 Qc5 20. d4 exd4 21. Nxd4 Ne5 22. Rfc1 Rac8 23. Nb5 Rfd8 24. Rc2 a6 25. Nd4 N7c6 26. Nxc6 Rxc6 27. Rf1 Qb6 28. Rfc1 Rdc8 29. a5 Qf2 30. Rf1 Qh4 31. Rf4 Qg5 32. Kg1 Nxc4 33. Bxc4 Rxc4 34. Rxc4 Rxc4 35. Qxd6 Rc1+ 36. Kf2 Qc5+ 37. Qxc5 Rxc5 38. Rf5 Rxf5+ 39. exf5 Kf8 40. Ke3 Ke7 41. Ke4 Kd6 42. Kd4 f6 43. g3 Kc6 44. Kc4 b6 45. axb6 Kxb6 46. Kb4 Kc6 0-1

[Event "CAN-op"]
[Site "Edmonton CAN"]
[Date "2005.07.12"]
[Round "5.101"]
[White "Jones, Avery"]
[Black "McCusky, Louis"]
[Result "1-0"]
[WhiteElo "1582"]
[BlackElo "1524"]
[PlyCount "163"]
[GameId "2160767910901773"]
[EventDate "2005.07.09"]
[EventType "swiss"]
[EventRounds "10"]
[EventCountry "CAN"]

1. d4 Nf6 2. Nf3 c5 3. e3 e6 4. c3 Nc6 5. Nbd2 cxd4 6. exd4 Be7 7. Be2 d5 8. O-O O-O 9. Re1 a6 10. Bd3 Bd7 11. Ne5 Na7 12. Ndf3 Nc8 13. Ng5 Nd6 14. Qf3 h6 15. Nh3 Rc8 16. Bc2 Nf5 17. Bxf5 exf5 18. Nf4 Bc6 19. Qh3 Bd7 20. Be3 Be6 21. Nxe6 fxe6 22. Bxh6 Ne4 23. Bc1 Qe8 24. f3 Nf6 25. Bg5 Rc7 26. Bxf6 Rxf6 27. f4 Rh6 28. Qf3 Bh4 29. Re3 Kh7 30. Qe2 Re7 31. Rh3 Qg8 32. g3 Bg5 33. Rxh6+ Bxh6 34. h4 Qe8 35. Kg2 g6 36. Re1 Qg8 37. Qf3 Qg7 38. Rh1 Qf6 39. Kf2 Kg8 40. Ke2 Re8 41. Kf2 Kg7 42. Qe3 Qd8 43. Kg2 Qb6 44. Qe2 Qa5 45. a3 Qc7 46. Nf3 Qd6 47. Qe5+ Qxe5 48. Nxe5 Rd8 49. Nd3 b5 50. Re1 Kf6 51. Nc5 Rd6 52. b4 Bf8 53. Kf3 Kf7 54. Rh1 Be7 55. g4 Rd8 56. Nxa6 Ra8 57. Nc5 Rxa3 58. gxf5 Rxc3+ 59. Ke2 exf5 60. Nd3 Rb3 61. h5 Bxb4 62. Ne5+ Kg7 63. hxg6 Rb2+ 64. Kd3 Rb3+ 65. Ke2 Rb2+ 66. Kd3 Rg2 67. Rh7+ Kg8 68. Rf7 Bd2 69. Rxf5 b4 70. Rf6 Be1 71. f5 Rd2+ 72. Ke3 Rf2 73. Nf3 b3 74. Nxe1 b2 75. Rb6 Rxf5 76. Rxb2 Rf6 77. Rg2 Re6+ 78. Kd2 Ra6 79. Nc2 Kg7 80. Ke3 Re6+ 81. Kd3 Rb6 82. Kc3 1-0

[Event "CAN-op"]
[Site "Edmonton CAN"]
[Date "2005.07.12"]
[Round "5.104"]
[White "Bullerkist, Caitlin"]
[Black "Pradzinski, Stephanie"]
[Result "1-0"]
[WhiteElo "1226"]
[BlackElo "867"]
[PlyCount "51"]
[GameId "2160767910901775"]
[EventDate "2005.07.09"]
[EventType "swiss"]
[EventRounds "10"]
[EventCountry "CAN"]

1. e4 e5 2. Nf3 d6 3. h3 Nf6 4. Nc3 Be7 5. Bc4 O-O 6. O-O Nc6 7. d3 Be6 8. b3 Bxc4 9. bxc4 h6 10. Be3 Qe8 11. Nb5 Qd7 12. Rb1 a6 13. Nc3 Rab8 14. Nd2 Qc8 15. Qf3 Ra8 16. Nd5 Nxd5 17. cxd5 Bg5 18. dxc6 bxc6 19. Bxg5 hxg5 20. Qg3 Rb8 21. Qxg5 f6 22. Qe3 Rb7 23. Rxb7 Qxb7 24. Rb1 Qc8 25. f3 d5 26. Qc5 1-0

[Event "CAN-op"]
[Site "Edmonton CAN"]
[Date "2005.07.12"]
[Round "5.105"]
[White "Greber, Caitlin"]
[Black "Meller, Jeremy"]
[Result "1-0"]
[WhiteElo "1060"]
[BlackElo "1143"]
[PlyCount "49"]
[GameId "2160767910901776"]
[EventDate "2005.07.09"]
[EventType "swiss"]
[EventRounds "10"]
[EventCountry "CAN"]

1. e4 d5 2. Nc3 dxe4 3. Nxe4 e5 4. Bc4 Qd7 5. Nf3 Nc6 6. O-O Nd4 7. c3 Nxf3+ 8. Qxf3 Qg4 9. Qxg4 Bxg4 10. h3 Be6 11. Bxe6 fxe6 12. d4 exd4 13. cxd4 O-O-O 14. Rd1 Nf6 15. Nxf6 gxf6 16. b4 c5 17. Be3 cxb4 18. Rac1+ Kb8 19. Bf4+ e5 20. dxe5 Rxd1+ 21. Rxd1 fxe5 22. Bxe5+ Kc8 23. Bxh8 Be7 24. Rc1+ Kd7 25. Bd4 1-0

[Event "CAN-op"]
[Site "Edmonton CAN"]
[Date "2005.07.13"]
[Round "6"]
[White "Bluvshtein, Mark"]
[Black "Huber, Gregory"]
[Result "1-0"]
[WhiteElo "2529"]
[BlackElo "2310"]
[PlyCount "42"]
[GameId "2160767910901777"]
[EventDate "2005.07.09"]
[EventType "swiss"]
[EventRounds "10"]
[EventCountry "CAN"]
[SourceTitle "CBM 107 Extra"]
[Source "ChessBase"]
[SourceDate "2005.09.01"]
[SourceVersion "1"]
[SourceVersionDate "2005.09.01"]
[SourceQuality "1"]

1. e4 c5 2. Nf3 d6 3. d4 cxd4 4. Nxd4 Nf6 5. Nc3 a6 6. Bg5 e6 7. f4 Qc7 8. Qf3 Nc6 9. Bxf6 gxf6 10. O-O-O Bd7 11. Nxc6 bxc6 12. f5 Rb8 13. Bc4 Qa5 14. e5 Qxe5 15. Rhe1 Bh6+ 16. Kb1 Qf4 17. fxe6 fxe6 18. Qe2 O-O 19. g3 Qg5 20. Rxd6 Be8 21. Rxe6 Kh8 1-0

[Event "CAN-op"]
[Site "Edmonton CAN"]
[Date "2005.07.13"]
[Round "6"]
[White "Daniluk, Jim"]
[Black "Chan, Michael2"]
[Result "1-0"]
[WhiteElo "1969"]
[BlackElo "1700"]
[PlyCount "37"]
[GameId "2160767910901779"]
[EventDate "2005.07.09"]
[EventType "swiss"]
[EventRounds "10"]
[EventCountry "CAN"]
[SourceTitle "CBM 107 Extra"]
[Source "ChessBase"]
[SourceDate "2005.09.01"]
[SourceVersion "1"]
[SourceVersionDate "2005.09.01"]
[SourceQuality "1"]

1. d4 Nf6 2. e3 e6 3. Bd3 b6 4. Qe2 Bb7 5. f3 c5 6. c3 Nc6 7. f4 cxd4 8. exd4 Rc8 9. Nd2 Bd6 10. Nc4 Be7 11. Nf3 O-O 12. O-O Re8 13. Nce5 Nxe5 14. fxe5 Nd5 15. Bxh7+ Kxh7 16. Ng5+ Bxg5 17. Qh5+ Bh6 18. Rxf7 Re7 19. Qxh6+ 1-0

[Event "CAN-op"]
[Site "Edmonton CAN"]
[Date "2005.07.13"]
[Round "6"]
[White "Doubleday, William"]
[Black "Thipsay, Bagyashree Sathe"]
[Result "0-1"]
[WhiteElo "2069"]
[BlackElo "2269"]
[PlyCount "68"]
[GameId "2160767910901780"]
[EventDate "2005.07.09"]
[EventType "swiss"]
[EventRounds "10"]
[EventCountry "CAN"]
[SourceTitle "CBM 107 Extra"]
[Source "ChessBase"]
[SourceDate "2005.09.01"]
[SourceVersion "1"]
[SourceVersionDate "2005.09.01"]
[SourceQuality "1"]

1. d4 e6 2. c4 f5 3. g3 Nf6 4. Bg2 d5 5. Nf3 c6 6. O-O Bd6 7. b3 Qe7 8. a4 O-O 9. Ba3 Bxa3 10. Nxa3 Nbd7 11. Qc2 Ne4 12. Ne5 Rf6 13. f3 Nxe5 14. dxe5 Qc5+ 15. Kh1 Nxg3+ 16. hxg3 Rh6+ 17. Bh3 Rxh3+ 18. Kg2 Rh6 19. cxd5 Qxc2 20. Nxc2 exd5 21. a5 f4 22. Rh1 Rg6 23. g4 c5 24. Ne1 c4 25. Rd1 Be6 26. Rd4 Rg5 27. Rh5 Rxh5 28. gxh5 Rf8 29. Kf2 Rf5 30. Ng2 c3 31. Ne1 Rxe5 32. b4 Rxh5 33. Rd3 Rh2+ 34. Kf1 Bh3+ 0-1

[Event "CAN-op"]
[Site "Edmonton CAN"]
[Date "2005.07.13"]
[Round "6"]
[White "Dougherty, Michael"]
[Black "Peng, David Yu"]
[Result "0-1"]
[WhiteElo "2332"]
[BlackElo "2120"]
[PlyCount "110"]
[GameId "2160767910901781"]
[EventDate "2005.07.09"]
[EventType "swiss"]
[EventRounds "10"]
[EventCountry "CAN"]
[SourceTitle "CBM 107 Extra"]
[Source "ChessBase"]
[SourceDate "2005.09.01"]
[SourceVersion "1"]
[SourceVersionDate "2005.09.01"]
[SourceQuality "1"]

1. Nf3 e6 2. c4 d5 3. g3 f5 4. Bg2 Nf6 5. O-O Be7 6. b3 O-O 7. Bb2 Nc6 8. d3 a5 9. cxd5 Nxd5 10. Nbd2 Bf6 11. d4 a4 12. a3 axb3 13. Qxb3 Nb6 14. Rad1 Kh8 15. Nc4 Nxc4 16. Qxc4 Qd5 17. Qd3 Qa5 18. Nd2 Rd8 19. Nb3 Qb6 20. Qe3 Na5 21. Nxa5 Rxa5 22. Qc3 h6 23. Qc2 Bd7 24. Bc3 Ra7 25. Rb1 Qa6 26. Bb4 b6 27. e3 Bb5 28. Bc6 Bd3 29. Qc3 Bxb1 30. Rxb1 f4 31. gxf4 Qe2 32. Qb3 Qg4+ 33. Kh1 Raa8 34. Rg1 Qh3 35. Qd3 Rac8 36. Qg6 Qf5 37. Qg2 Rg8 38. Be4 Qh5 39. Bf3 Qf7 40. d5 Rcd8 41. e4 e5 42. Qg3 Qe8 43. Bd2 c6 44. fxe5 Bxe5 45. Qh3 Rd6 46. Bg4 cxd5 47. exd5 Qa8 48. Bb4 Rxd5 49. Bf3 Rd3 50. Rg3 Qc8 51. Qh5 Bxg3 52. Be4 Qc1+ 53. Kg2 Rd4 54. Qf5 Rxe4 55. Qxe4 Qf4 0-1

[Event "CAN-op"]
[Site "Edmonton CAN"]
[Date "2005.07.13"]
[Round "6"]
[White "Dzieciolowski, Piotr"]
[Black "Bowles, Charles"]
[Result "1-0"]
[WhiteElo "1686"]
[BlackElo "1625"]
[PlyCount "70"]
[GameId "2160767910901782"]
[EventDate "2005.07.09"]
[EventType "swiss"]
[EventRounds "10"]
[EventCountry "CAN"]
[SourceTitle "CBM 107 Extra"]
[Source "ChessBase"]
[SourceDate "2005.09.01"]
[SourceVersion "1"]
[SourceVersionDate "2005.09.01"]
[SourceQuality "1"]

1. e4 e6 2. d4 d5 3. e5 c5 4. c3 Nc6 5. Nf3 Bd7 6. Be2 cxd4 7. cxd4 Bb4+ 8. Bd2 Bxd2+ 9. Qxd2 Nge7 10. Nc3 a6 11. O-O O-O 12. a3 Nf5 13. Rfd1 f6 14. exf6 Qxf6 15. b4 Rad8 16. b5 axb5 17. Bxb5 Nd6 18. Bxc6 Bxc6 19. a4 Nc4 20. Qe2 Ra8 21. Re1 Rae8 22. a5 e5 23. dxe5 Qg6 24. e6 Rxf3 25. Qxf3 d4 26. Qf7+ Qxf7 27. exf7+ Kxf7 28. Rxe8 Kxe8 29. Na4 Nxa5 30. Nc5 Nc4 31. Rd1 Nb6 32. Rxd4 Nd5 33. Rd2 Kf7 34. Rb2 b6 35. Nd3 b5 1-0

[Event "CAN-op"]
[Site "Edmonton CAN"]
[Date "2005.07.13"]
[Round "6"]
[White "Haley, Phil"]
[Black "Fairbairn, Stephen"]
[Result "0-1"]
[WhiteElo "1772"]
[BlackElo "2022"]
[PlyCount "60"]
[GameId "2160767910901784"]
[EventDate "2005.07.09"]
[EventType "swiss"]
[EventRounds "10"]
[EventCountry "CAN"]
[SourceTitle "CBM 107 Extra"]
[Source "ChessBase"]
[SourceDate "2005.09.01"]
[SourceVersion "1"]
[SourceVersionDate "2005.09.01"]
[SourceQuality "1"]

1. d4 g6 2. e4 d6 3. Nc3 Bg7 4. Be3 a6 5. Qd2 b5 6. a3 Nd7 7. Be2 Bb7 8. f3 c5 9. dxc5 Nxc5 10. Nh3 Rc8 11. Bd4 Nf6 12. Nf2 O-O 13. h4 h5 14. Be3 Ncd7 15. Bh6 Qb6 16. Bxg7 Kxg7 17. Ncd1 d5 18. exd5 Bxd5 19. Ne3 Be6 20. Bd3 Rfd8 21. Qe2 Nc5 22. Rd1 Na4 23. Rb1 Qc5 24. Ned1 Rd5 25. Ne4 Nxe4 26. Bxe4 Re5 27. f4 Bg4 28. Qd3 Re6 29. Kf1 Rd6 30. Qb3 Bxd1 0-1